LEADER 01287nam 2200337 n 450 001 996383814203316 005 20221107214004.0 035 $a(CKB)1000000000596423 035 $a(EEBO)2240907417 035 $a(UnM)99866390 035 $a(EXLCZ)991000000000596423 100 $a19940401d1651 uy | 101 0 $aeng 135 $aurbn||||a|bb| 200 14$aThe forme and order of the coronation of Charles the Second, King of Scotland, England, France, and Ireland$b[electronic resource] $eAs it was acted and done at Scoone, the first day of Ianuary, 1651 210 $aAberdene. $cImprinted by James Brown$d1651 215 $a24 p 300 $aIn this edition 'January' begins with an 'I'. 300 $aAttributed to Robert Douglas. cf. NUC pre-1956. 300 $aReproduction of the original in the British Library. 330 $aeebo-0018 607 $aGreat Britain$xHistory$yRestoration, 1660-1688$vEarly works to 1800 700 $aDouglas$b Robert$f1594-1674.$01005428 801 0$bCu-RivES 801 1$bCu-RivES 801 2$bCStRLIN 801 2$bWaOLN 906 $aBOOK 912 $a996383814203316 996 $aThe forme and order of the coronation of Charles the Second, King of Scotland, England, France, and Ireland$92378565 997 $aUNISA LEADER 01697oam 2200505I 450 001 9910711846403321 005 20210408083401.0 035 $a(CKB)5470000002487618 035 $a(OCoLC)1046653877 035 $a(OCoLC)995470000002487618 035 $a(EXLCZ)995470000002487618 100 $a20180730d1960 ua 0 101 0 $aeng 135 $aur||||||||||| 181 $ctxt$2rdacontent 182 $cc$2rdamedia 183 $acr$2rdacarrier 200 00$aCompilation of records of surface waters of the United States through September 1950$hPart 11-A$iPacific slope basins in California except Central Valley /$fprepared under the direction of J.V.B. Wells 210 1$a[Washington, D.C.] :$cUnited States Department of the Interior, Geological Survey,$d1960. 215 $a1 online resource (v, 414 pages, 1 page of plates) $cillustrations, map 225 1 $aGeological Survey water-supply paper ;$v1315-B 300 $aIncludes index. 606 $aWater quality$zCalifornia 606 $aWater-supply$zCalifornia 606 $aWater quality$2fast 606 $aWater-supply$2fast 607 $aCalifornia$2fast 608 $aOnline resources. 615 0$aWater quality 615 0$aWater-supply 615 7$aWater quality. 615 7$aWater-supply. 700 $aWells$b J. V. B.$01385991 712 02$aGeological Survey (U.S.), 801 0$bCOP 801 1$bCOP 801 2$bOCLCO 801 2$bOCLCF 801 2$bGPO 801 2$bMERUC 801 2$bGPO 906 $aBOOK 912 $a9910711846403321 996 $aCompilation of records of surface waters of the United States through September 1950$93446974 997 $aUNINA LEADER 04604nam 2200409 450 001 9910817221403321 005 20230919202743.0 035 $a(CKB)5290000000002228 035 $a(MiAaPQ)EBC6883271 035 $a(Au-PeEL)EBL6883271 035 $a(OCoLC)1296429094 035 $a(EXLCZ)995290000000002228 100 $a20230919d2012 uy 0 101 0 $aspa 135 $aurcnu|||||||| 181 $ctxt$2rdacontent 182 $cc$2rdamedia 183 $acr$2rdacarrier 200 10$aGestionar sin dinero /$fFrancisco Abad 205 $a1st ed. 210 1$aMadrid, Spain :$cLID Editorial Empresarial, S.L,$d[2012] 210 4$d©2012 215 $a1 online resource (153 pages) 311 $a84-8356-717-2 327 $aIntro -- Portada -- Portada interior -- Cre?ditos -- I?ndice -- Pro?logo -- Introduccio?n -- 01. Las reformas estructurales, la falta de dinero y las salidas de la crisis. Pedro Rivero Torre -- 1. Los procesos de produccio?n y las reformas estructurales -- 2. La estructura de los procesos productivos y la crisis -- 3. Los equilibrios inversio?n-financiacio?n en los procesos productivos -- 4. La identificacio?n de los desequilibrios financieros -- 5. Definicio?n y medida de los equilibrios financieros de liquidez -- 6. Medidas para gestionar la empresa con dificultades de liquidez -- 7. Conclusio?n -- 02. La empresa espan?ola en un contexto de restricciones de liquidez. Jose? A. Herce -- 1. Introduccio?n -- 2. La escala de las empresas espan?olas -- 3. Incidencia de la crisis en la demografi?a empresarial -- 4. La financiacio?n empresarial -- 5. Conclusio?n -- 03. La universidad espan?ola: mejorar sin liquidez. Rafael Puyol -- 1. Planteamientos -- 2. La gobernanza -- 3. Profesores y alumnos -- 4. Los estudios -- 04. Un oasis en el desierto: el tercer sector y las empresas sociales como realidad. Francisco Salinas Ramos -- 1. Introduccio?n -- 2. Las organizaciones voluntarias y del tercer sector en el a?mbito de la accio?n social -- 3. Empresa social: del suen?o a la realidad8 -- 4. Economi?a social y cooperativas -- 5. Conclusio?n -- 05. Los recursos invisibles de la economi?a espan?ola. Mari?a-Angeles Dura?n -- 1. Introduccio?n -- 2. Gestionar sin liquidez: los li?mites del concepto -- 3. Formas de trueque contempora?neas -- 4. La frontera borrosa de la economi?a espan?ola y las funciones del Estado -- 5. El trabajo regalado y sus enemigos -- 6. żA do?nde va a parar el tiempo de los desempleados? -- 7. La derivacio?n de costes hacia los hogares -- 06. La gestio?n de lo comu?n. Joan Subirats -- 1. La magnitud de los cambios. 327 $a2. Nuevos espacios para compartir, nuevos espacios de lo comu?n -- 3. Las potencialidades de Internet en la esfera de lo comu?n -- 4. Una nueva idea de lo pu?blico, una nueva idea de ciudadani?a -- 5. Conclusio?n -- 07. La gran sociedad y las historias de un pueblo. Tom Burns Maran?o?n -- 1. La big society en el Reino Unido -- 2. żUna gran sociedad en Espan?a? -- 3. Historias de un pueblo -- 4. Conclusio?n -- 08. Gestionar el ego para gestionar el dinero. Pilar Go?mez-Acebo -- 09. Alternativas econo?micas de base ciudadana para tiempos sin liquidez. J. A. Pe?rez-Arrospide y P. Sasia -- 1. Miradas sobre la crisis -- 2. Estado, sociedad civil y crisis -- 3. Ciudadani?a y crisis -- 4. Alternativas -- 5. Una propuesta de alternativa: el proyecto. Fiare de banca e?tica7 -- 6. El eje cultural y el eje econo?mico: transformar valores -- 7. Claves para la sostenibilidad -- 8. La actividad de cre?dito -- 9. Un ilusionante proyecto europeo -- 10. Una experiencia desde la economi?a social. Txema Franco Barroso -- 1. Introduccio?n -- 2. Sobre Lantegi Batuak -- 3. Una crisis relativa -- 4. Diversificar -- 5. Crear una cultura de innovacio?n -- 6. Conseguir cre?dito -- 7. Desarrollar alianzas -- 8. Hacer publicidad -- 9. Innovar -- 10. Conclusio?n -- 11. La solidez de la accio?n social cuando no hay liquidez presupuestaria ni gases glamurosos. Francisco Abad -- 1. Planteamiento -- 2. Los empresarios y su amor al ge?nero humano -- 3. La idea de accio?n social empresarial -- 4. Perspectiva -- 5. Ser (y parecer) coherente -- 6. Cinco claves de una accio?n social innovadora -- Notas -- Autores -- Contraportada. 606 $aDecision making 615 0$aDecision making. 676 $a658 700 $aAbad$b Francisco$0447177 801 0$bMiAaPQ 801 1$bMiAaPQ 801 2$bMiAaPQ 906 $aBOOK 912 $a9910817221403321 996 $aGestionar sin dinero$93981862 997 $aUNINA